Monopoly of Man (Record no. 1225157)

MARC details
000 -LEADER
fixed length control field 00627nam a2200217Ia 4500
005 - DATE AND TIME OF LATEST TRANSACTION
control field 20241129104253.0
008 - FIXED-LENGTH DATA ELEMENTS--GENERAL INFORMATION
fixed length control field 241129s9999||||xx |||||||||||||| ||und||
020 ## - INTERNATIONAL STANDARD BOOK NUMBER
International Standard Book Number 9780262045391
037 ## - SOURCE OF ACQUISITION
Stock number Textual
040 ## - CATALOGING SOURCE
Original cataloging agency RTL
Language of cataloging eng
Transcribing agency RTL
041 ## - LANGUAGE CODE
Language code of text/sound track or separate title eng
Source of code eng
084 ## - COLON CLASSIFICATION NUMBER
Classification number Y15:3 R1
Assigning agency RTL
100 ## - MAIN ENTRY--PERSONAL NAME
Personal name Kuliscioff Anna
9 (RLIN) 725533
245 #0 - TITLE STATEMENT
Title Monopoly of Man
Statement of responsibility, etc. Kuliscioff Anna
260 ## - PUBLICATION, DISTRIBUTION, ETC.
Place of publication, distribution, etc. USA
Name of publisher, distributor, etc. Massachusetts Institute of Technology Publishing
Date of publication, distribution, etc. 2021
300 ## - PHYSICAL DESCRIPTION
Extent xlvi,67p.
365 ## - TRADE PRICE
Price type code INR
Price amount Rs.1415.16
650 ## - SUBJECT ADDED ENTRY--TOPICAL TERM
Topical term or geographic name entry element Women social conditions
9 (RLIN) 17365
942 ## - ADDED ENTRY ELEMENTS (KOHA)
Koha item type Textbook
Classification part Y15:3 R1
Holdings
Withdrawn status Lost status Damaged status Not for loan Home library Current library Date acquired Source of acquisition Inventory number Total Checkouts Full call number Barcode Date last seen Price effective from Koha item type
        Ratan Tata Library Ratan Tata Library 2024-11-29 Segment book 60525 & 7/2/24   Y15:3 R1 RT1528093 2024-11-29 2024-11-29 Textbook
Copyright @ Delhi University Library System